Islands by Most Spoken Language - Statistics

General Stats
  • This quiz has been taken 28 times
    8 since last reset
  • The average score is 21 of 30
Answer Stats
Hint Answer % Correct
Iceland Icelandic
100%
Sardinia Italian
100%
Honshu Japanese
100%
Puerto Rico Spanish
100%
Bahrain Arabic
88%
Taiwan Chinese (Hokkien)
88%
Tahiti French
88%
Greenland Greenlandic
88%
Svalbard Norwegian
88%
Maui English
75%
Borneo Malay
75%
Malta Maltese
75%
São Tomé Portuguese
75%
Gotland Swedish
75%
Cebu Cebuano
63%
Santorini Greek
63%
Jamaica Jamaican Patois
63%
Java Javanese
63%
Madagascar Malagasy
63%
Niue Niuean
63%
Sri Lanka Sinhala
63%
Luzon Tagalog
63%
Tonga Tongan
63%
Zealand Danish
50%
Baffin Island Inuktitut
50%
Mauritius Mauritian Creole
50%
Timor Tetum
50%
New Guinea Tok Pisin
50%
Aruba Papiamento
25%
Salsette Konkani
13%
No matching quizzes found
Score Distribution
Percent of People with Each Score
Percentile by Number Answered
Your Score History
You have not taken this quiz since the last reset